Husitská epopej. V, 1450-1460 - za časů Ladislava Pohrobka /
Pátá část sedmidílné ságy pokračuje ve vyprávění o událostech slavné i pohnuté doby 15. století v Českém království.
Uloženo v:
| Série: | Husitská epopej,
část 5 |
|---|---|
| Hlavní autor: | |
| Médium: | E-kniha |
| Jazyk: | Czech |
| Vydáno: |
Brno :
MOBA,
2017
|
| Vydání: | Vydání první |
| Témata: | |
| Příbuzné jednotky: | Z cyklu::
Husitská epopej |
| Tagy: |
Žádné tagy |
| LEADER | 03080nam a2200553 i 4500 | ||
|---|---|---|---|
| 001 | 310810 | ||
| 003 | CZ PrSKC | ||
| 005 | 20260601215655.0 | ||
| 007 | ta | ||
| 008 | 170524s2017 xr j g 000 f cze | ||
| 015 | |a cnb002898887 | ||
| 020 | |a 9788024374727 |q (vázáno) | ||
| 035 | |a (OCoLC)993653196 | ||
| 040 | |a OLA001 |b cze |e rda | ||
| 043 | |a e-xr--- | ||
| 045 | |a s5s6 | ||
| 072 | 7 | |a 821.162.3-3 |x Česká próza |2 Konspekt | |
| 080 | |a 821.162.3-31 |2 MRF | ||
| 080 | |a 27-878.4 |2 MRF | ||
| 080 | |a 94(437.3)"14" |2 MRF | ||
| 080 | |a (0:82-311.6) |2 MRF | ||
| 100 | 1 | |a Vondruška, Vlastimil, |d 1955- |7 xx0004129 |4 aut | |
| 245 | 1 | 0 | |a Husitská epopej. |n V, |p 1450-1460 - za časů Ladislava Pohrobka / |c Vlastimil Vondruška |
| 246 | 3 | 0 | |a 1450-1460 - za časů Ladislava Pohrobka |
| 246 | 3 | 0 | |a Za časů Ladislava Pohrobka |
| 250 | |a Vydání první | ||
| 264 | 1 | |a Brno : |b MOBA, |c 2017 | |
| 300 | |a 633 stran : |b genealogické tabulky ; |c 22 cm | ||
| 336 | |a text |b txt |2 rdacontent | ||
| 337 | |a bez média |b n |2 rdamedia | ||
| 338 | |a svazek |b nc |2 rdacarrier | ||
| 520 | 2 | |a Pátá část sedmidílné ságy pokračuje ve vyprávění o událostech slavné i pohnuté doby 15. století v Českém království. | |
| 520 | 2 | |a Pátý díl začíná klíčovým zlomem v zápase mezi katolíky, kteří se snaží o návrat ke starým pořádkům, a kališníky, vedenými mladým Jiřím z Poděbrad, který obsadí Prahu. Doba klidu končí a rozhoří se domácí válka. Mladý Ladislav Pohrobek dospívá a ujímá se českého královského trůnu. Jenže záhy umírá a po složitém diplomatickém zápase se novým českým králem stává Jiří z Poděbrad. Proti Čechám se formuje nová nepřátelská koalice. V tomto prostředí postupně odcházejí ze světa pozemského příslušníci prvních generací rodu Prokopů a na jejich místo nastupují jejich děti. Vyprávění nás opět zanese do Prahy, na Tábor i Písek, do Plzně a dalších měst, ale také na rožmberská a poděbradská panství a rovněž do Horních Uher. Nakladatelská anotace. | |
| 648 | 4 | |a 1450-1460 | |
| 648 | 7 | |a 15. století |7 ch460553 |2 czenas | |
| 650 | 0 | 7 | |a husitství |7 ph120949 |z Česko |y 15. století |2 czenas |
| 650 | 0 | 9 | |a Hussitism |z Czechia |y 15th century |2 eczenas |
| 651 | 7 | |a Česko |7 ge128065 |x dějiny |y 15. století |2 czenas | |
| 651 | 9 | |a Czechia |x history |y 15th century |2 eczenas | |
| 655 | 7 | |a české romány |7 fd133974 |2 czenas | |
| 655 | 7 | |a historické romány |7 fd132414 |2 czenas | |
| 655 | 9 | |a Czech fiction |2 eczenas | |
| 655 | 9 | |a historical novels |2 eczenas | |
| 787 | 0 | 8 | |i Z cyklu: |t Husitská epopej |g 5 |
| 900 | |a ABA001 |b 21 | ||
| 044 | |a xr | ||
| 910 | |a RBIT002 | ||
| 998 | |d 174177 |a https://core.palmknihy.cz/api/books/174177/cover?dp33cr |b https://core.palmknihy.cz/api/books/174177/cover/400?88t2yg |c https://core.palmknihy.cz/api/books/174177/cover/50?otcfoa |e 2027-05-31 |g 643 |i 9788024374727 |j https://core.palmknihy.cz/api/books/174177/preview.epub |l |q 49 |r 1 |s https://www.palmknihy.cz/kniha/174177 |t ebook |y 2017 |z 0 |v Husitská epopej |w 5 | ||
| 999 | |d 310808 | ||